Statistics for Random Cities on the Map by Letter - H

Click here to take the quiz!

General Stats

  • This quiz has been taken 660 times
  • The average score is 4 of 5

Answers on the Map

Answers color-coded by a green-red scale on the quiz's map according to % correct below.
 

Answer Stats

City% Correct
Helsinki
100%
Honolulu
98%
Hamburg
97%
Hanoi
97%
Havana
97%
Ho Chi Minh City
97%
Houston
97%
Harare
89%
Hong Kong
89%
Hiroshima
83%
Haifa
79%
Hyderabad
78%
Halifax
73%
Honiara
68%
Hanover
65%
Harbin
53%
Hermosillo
23%

Score Distribution

Percentile by Number Answered

Percent of People with Each Score

Your Score History

You have not taken this quiz